ბათუმის შოთა რუსთაველის სახელმწიფო უნივერსიტეტის ბიბლიოთეკა

Аудит. (ბიბ.ჩანაწერი № 44542)

000 -LEADER
fixed length control field 00743nam a2200253Ia 4500
001 - CONTROL NUMBER
control field 11345
003 - CONTROL NUMBER IDENTIFIER
control field GE_BSU
008 - FIXED-LENGTH DATA ELEMENTS--GENERAL INFORMATION
fixed length control field 181216s||||||||xx |||||||||||||| ||und||
020 ## - INTERNATIONAL STANDARD BOOK NUMBER
International Standard Book Number 9785991628778
040 ## - CATALOGING SOURCE
Transcribing agency GE_BSU
080 ## - UNIVERSAL DECIMAL CLASSIFICATION NUMBER
Universal Decimal Classification number 657
245 ## - TITLE STATEMENT
Title Аудит.
245 ## - TITLE STATEMENT
Remainder of title Учебник для бакалавров.
245 ## - TITLE STATEMENT
Statement of responsibility, etc. Под.ред:Т.М.Рогуленко.
250 ## - EDITION STATEMENT
Edition statement 5-е изд; перераб и доп.
260 ## - PUBLICATION, DISTRIBUTION, ETC.
Place of publication, distribution, etc. Москва.
260 ## - PUBLICATION, DISTRIBUTION, ETC.
Name of publisher, distributor, etc. Издательство Юрайт.
260 ## - PUBLICATION, DISTRIBUTION, ETC.
Date of publication, distribution, etc. 2013.
300 ## - PHYSICAL DESCRIPTION
Extent 541стр;20см.
300 ## - PHYSICAL DESCRIPTION
Accompanying material Библиогр стр:504-506
520 ## - SUMMARY, ETC.
Summary, etc. Государственный Университет Управления.
653 ## - INDEX TERM--UNCONTROLLED
Uncontrolled term Аудит.
942 ## - ADDED ENTRY ELEMENTS (KOHA)
Koha item type წიგნი
ეგზემპლარები
Withdrawn status Lost status Damaged status Not for loan Date acquired Barcode Date last seen Price effective from Koha item type
        2018-12-17 35363 2018-12-17 2018-12-17 წიგნი